Quality management in the Turkish public sector: a survey (Record no. 60500)

000 -LEADER
fixed length control field 01359pab a2200193 454500
008 - FIXED-LENGTH DATA ELEMENTS--GENERAL INFORMATION
fixed length control field 180718b2004 xxu||||| |||| 00| 0 eng d
100 ## - MAIN ENTRY--PERSONAL NAME
Personal name Ustuner, Yilmaz
245 ## - TITLE STATEMENT
Title Quality management in the Turkish public sector: a survey
260 ## - PUBLICATION, DISTRIBUTION, ETC.
Date of publication, distribution, etc. 2004
300 ## - PHYSICAL DESCRIPTION
Extent p.157-71.
362 ## - DATES OF PUBLICATION AND/OR SEQUENTIAL DESIGNATION
Dates of publication and/or sequential designation May
520 ## - SUMMARY, ETC.
Summary, etc. This article assesses the challenges of introducing quality management (QM) in the Turkish public sector in two pioneering central institutions. A survey was conducted with the aim of exploring in particular the views of the workforce on the feasibility and prospects of QM. Findings revealed that despite the differences in both the practice and the perceptions, the workforce had a positive attitude and shared an awareness of the need for a comprehensive reform that included wide utilisation of QM. The results also imply that the success of QM is conditioned by the approach adopted and the organisational context. Considering the fact that QM necessitates long-term commitment and adequate resources, its future can not be isolated from general problems of the Turkish public administration system. - Reproduced.
650 ## - SUBJECT ADDED ENTRY--TOPICAL TERM
Topical term or geographic name entry element Public administration - Turkey
650 ## - SUBJECT ADDED ENTRY--TOPICAL TERM
Topical term or geographic name entry element Total quality management - Turkey
650 ## - SUBJECT ADDED ENTRY--TOPICAL TERM
Topical term or geographic name entry element Total quality management
700 ## - ADDED ENTRY--PERSONAL NAME
Personal name Coskun, Selim
773 ## - HOST ITEM ENTRY
Main entry heading Public Administration and Development
909 ## -
-- 60500
Holdings
Withdrawn status Lost status Damaged status Not for loan Permanent Location Current Location Date acquired Serial Enumeration / chronology Barcode Date last seen Price effective from Koha item type
        Indian Institute of Public Administration Indian Institute of Public Administration 2018-07-19 Volume no: 24, Issue no: 2 AR60946 2018-07-19 2018-07-19 Articles

Powered by Koha